Una puebla en el siglo XIII : (Registro nro. 114492)

Detalles MARC
000 -LEADER
campo de control de longitud fija 00985nam a2200253 i 4500
001 - NÚMERO DE CONTROL
campo de control 114492
003 - IDENTIFICADOR DE NÚMERO DE CONTROL
campo de control ES-MaACL
005 - FECHA Y HORA DE LA ÚLTIMA TRANSACCIÓN
campo de control 20240428063035.0
007 - CAMPO FIJO DE DESCRIPCIÓN FÍSICA--INFORMACIÓN GENERAL
campo de control de longitud fija t|
008 - DATOS DE LONGITUD FIJA--INFORMACIÓN GENERAL
campo de control de longitud fija 070302s1904 fr ||||1| spa d
080 ## - NÚMERO DE LA CLASIFICACIÓN DECIMAL UNIVERSAL
Número de la Clasificación Decimal Universal 352(460.188 Espinar)"12"(094.5)
080 ## - NÚMERO DE LA CLASIFICACIÓN DECIMAL UNIVERSAL
Número de la Clasificación Decimal Universal 946.018.8 Espinar
100 1# - ENTRADA PRINCIPAL--NOMBRE DE PERSONA
Nombre de persona Puyol y Alonso, Julio,
Fechas asociadas al nombre 1865-1937
9 (RLIN) 94454
245 14 - MENCIÓN DEL TÍTULO
Título Una puebla en el siglo XIII :
Resto del título (cartas de población de El Espinar) /
Mención de responsabilidad, etc. Julio Puyol y Alonso.
260 ## - PUBLICACIÓN, DISTRIBUCIÓN, ETC.
Lugar de publicación, distribución, etc. París :
Nombre del editor, distribuidor, etc. [Revue Hispanique],
Fecha de publicación, distribución, etc. 1904 (
Fabricante Macon, Protat Frères, imp.)
300 ## - DESCRIPCIÓN FÍSICA
Extensión 61 p., [1] h. pleg. de lám. ;
Dimensiones 25 cm.
530 ## - NOTA DISPONIBLE DE FORMULARIO FÍSICO ADICIONAL
Nota de formato físico adicional disponible Disponible en formato digital.
595 ## -
-- Extrait de la Revue Hispanique, t. XI.
650 #4 - PUNTO DE ACCESO ADICIONAL DE MATERIA--TÉRMINO DE MATERIA
Término de materia o nombre geográfico como elemento de entrada Fueros-
Subdivisión geográfica Segovia (Provincia)
9 (RLIN) 173153
651 #4 - PUNTO DE ACCESO ADICIONAL DE MATERIA--NOMBRE GEOGRÁFICO
Nombre geográfico El Espinar-
Subdivisión general Historia.
9 (RLIN) 8152
852 ## - LOCALIZACIÓN
Ubicación ES-MaACL
Número de control de estantería T-1066-F-3
856 ## - LOCALIZACIÓN Y ACCESO ELECTRÓNICOS
Identificador Uniforme de Recursos <a href="https://bibliotecadigital.jcyl.es/es/consulta/registro.do?id=99 ">https://bibliotecadigital.jcyl.es/es/consulta/registro.do?id=99 </a>
Nota pública Biblioteca Digital de Castilla y León
Existencias
Estatus retirado Estado de pérdida Estado de daño No para préstamo Colección Biblioteca de origen Biblioteca actual Ubicación en estantería Fecha de adquisición Fuente de adquisición Total de préstamos Signatura topográfica completa Código de barras Visto por última vez Precio de reemplazo Tipo de ítem Koha
        Colección de folletos Biblioteca del Ateneo de Madrid Biblioteca del Ateneo de Madrid Depósito folletos 17/01/2008     T-1066-F-3 1119401 23/02/2023 23/02/2023 Folleto